Central Library OPAC University of Rajshahi

Practical organic chemistry / (Record no. 75332)

MARC details
000 -LEADER
fixed length control field 00883nam a2200277 a 4500
001 - CONTROL NUMBER
control field 75332
003 - CONTROL NUMBER IDENTIFIER
rucl marc code BD-RjUL
005 - DATE AND TIME OF LATEST TRANSACTION
control field 20211209082655.0
008 - FIXED-LENGTH DATA ELEMENTS--GENERAL INFORMATION
fixed length control field 190306s1944 enka 000 0 eng
035 ## - SYSTEM CONTROL NUMBER
System control number (BD-RjUL)75327
System control number (BD-RjUL)
040 ## - CATALOGING SOURCE
Original cataloging agency DLC
Transcribing agency TxCM
Modifying agency DLC
-- BD-RjUL
Language of cataloging eng
041 ## - LANGUAGE CODE
Language code of text/sound track or separate title eng
042 ## - AUTHENTICATION CODE
Authentication code premarc
082 ## - DEWEY DECIMAL CLASSIFICATION NUMBER
Edition number 23
Classification number 547
Author mark and year SUP 1944
100 1# - MAIN ENTRY--PERSONAL NAME
Personal name Sudborough, J. J.
Fuller form of name (John Joseph),
Dates associated with a name 1869-
9 (RLIN) 227214
245 10 - TITLE STATEMENT
Title Practical organic chemistry /
Statement of responsibility, etc. by J. J. Sudborough and T. Campbell James.
260 ## - PUBLICATION, DISTRIBUTION, ETC. (IMPRINT)
Place of publication, distribution, etc. London:
Name of publisher, distributor, etc. Blackie,
Date of publication, distribution, etc. 1944
300 ## - PHYSICAL DESCRIPTION
Pagination xviii, 380 p. :
Illustrations illus.;
Size 19 cm.
500 ## - GENERAL NOTE
General note "A laboratory companion to Sudborough's edition of Bernthsen's Organic chemistry."
650 #0 - SUBJECT ADDED ENTRY--TOPICAL TERM
Topical term or geographic name as entry element Chemistry, Organic.
9 (RLIN) 227215
700 1# - ADDED ENTRY--PERSONAL NAME
Personal name James, Thomas Campbell,
Dates associated with a name 1879-
942 ## - ADDED ENTRY ELEMENTS (KOHA)
Source of classification or shelving scheme Dewey Decimal Classification
Koha item type Books
Holdings
Lost status Source of classification or shelving scheme Damaged status Not for loan Collection code Permanent Location Current Location Shelving location Date acquired Source of acquisition Total Checkouts Full call number Date last seen Copy number Koha item type
  Dewey Decimal Classification   Not For Loan Non-fiction Central Library, University of Rajshahi Central Library, University of Rajshahi Reading Room 21/09/1964 Australia   547 SUP 1944 06/03/2019 C-1 Books